000 00868na a2200277 4500
001 23848
003 MIRAKIL
005 20181213155321.0
008 180105b tu 000 0
020 _a9789751959676
040 _aMilas
_btur
_cTR-AnCHP
041 _atur
082 _a819.12
_bA48d 2014
090 _a819.12 A48d 2014
100 _aAlvarlı Muhammed Lutfî
_d1868-1956
245 _aDivan-ı ilahiyat
_bseçmeler
_cAlvarlı Muhammed Lutfî ; hazırlayan Bilal Kemikli
260 _aAnkara
_bDiyanet İşleri Başkanlığı (DİB)
_c2014
300 _a172 s.
_c17 sm.
440 _aDiyanet İşleri Başkanlığı Yayınları
_v1002
490 _aEdebi eserler
_v31
504 _aKaynakça var.
650 _aEdebiyat
_xDivan şiiri
700 _aKemikli, Bilal
_ehaz.
710 _aDiyanet İşleri Başkanlığı (DİB)
942 _2ddc
_cBKS
999 _c10425
_d10425